000 01169nkm a2200265 i 4500
001 3751
003 ES-MaACL
005 20250905150524.0
007 khrbo
008 070607s1986 sp --- g |001||spa d
100 0 _aAlfonso,
_d1902-1990
_919858
245 1 0 _aPresentación del libro "Poemas de la perra gorda" en la colección de poesía "Aguacantos" de Adelaida Las Santas [
_hFotografía] /
_cAlfonso (sello).
260 _a[S.l. :
_bs.n.],
_c1986.
300 _a5 fot. :
_bb. y n. ;
_c12 x 18 cm.
500 _aDatos basados en invitación.
511 0 _aIntervienen: Adelaida Las Santas; presentación: Dolores Medio, premio Nadal 1952.
518 _aActo organizado por el Ateneo de Madrid, celebrado en la sala de conferencias el viernes, 21 de marzo de 1986, a las 19:30 h.
600 1 4 _aLas Santas, Adelaida.
_970390
600 1 4 _aMedio, Dolores,
_d1911-1996
_979767
610 2 4 _aAteneo de Madrid-
_xActos culturales-
_y1986-
_vFotografías.
_91901
710 2 _aAteneo de Madrid.
_91875
852 _aES-MaACL
_jFOT 73/1986
856 4 _uhttp://www.ateneodemadrid.net/biblioteca_digital/imagenes/1986/0073-1986.jpg
_zVer imagen
999 _c3751
_d3751